| 000 | 00945cam6a220026500 4500 | ||
|---|---|---|---|
| 001 | lce00561060 | ||
| 008 | 730220s1962 caua 000 0 eng | ||
| 010 | _a 62010136 /L | ||
| 035 | _a(Sirsi) r52561 | ||
| 035 | _a(DLC) 62010136 /L | ||
| 035 | _a(UPRA)lce00561060 | ||
| 050 | 0 |
_aQL641 _b.G6 |
|
| 082 | _a598.1 | ||
| 100 | 1 |
_aGoin, Coleman Jett, 1911- _dGoin, Coleman Jett, 1911- _6A11132.1 |
|
| 245 | 1 | 0 |
_aIntroduction to herpetology, _cby Coleman J. Goin and Olive B. Goin. |
| 260 |
_aSan Francisco, _bW. H. Freeman _c[1962] |
||
| 650 | 0 |
_aHerpetology. _6S7524.1 |
|
| 700 | 1 |
_aGoin, Olive Bown. _6A11133.1 |
|
| 949 |
_aQL641 _wlcc _i-66915 _mMAIN _tBOOK _lON-SHELF |
||
| 949 |
_aQL641 _wlcc _i-66916 _mMAIN _tBOOK _lON-SHELF |
||
| 949 |
_aQL641 _wlcc _i-66917 _mMAIN _tBOOK _lON-SHELF |
||
| 949 |
_aQL641 _wlcc _i33729005170019 _mMAIN _p2500 _tBOOK _lON-SHELF |
||
| 949 |
_aQL641 _wlcc _i33729000215405 _mMAIN _p2500 _tBOOK _lON-SHELF |
||
| 004 | 52561 | ||
| 999 |
_c135820 _d135820 |
||